<?xml version="1.0" encoding="UTF-8"?>
<collection xmlns="http://www.loc.gov/MARC21/slim">
 <record>
  <leader>03686cam a2200649  b4500</leader>
  <controlfield tag="001">1390797376</controlfield>
  <controlfield tag="003">DE-627</controlfield>
  <controlfield tag="005">20240311183449.0</controlfield>
  <controlfield tag="007">tu</controlfield>
  <controlfield tag="008">100316s2010    gw ||||| c    00| ||ger c</controlfield>
  <datafield tag="020" ind1=" " ind2=" ">
   <subfield code="a">9783936688474</subfield>
   <subfield code="9">978-3-936688-47-4</subfield>
  </datafield>
  <datafield tag="035" ind1=" " ind2=" ">
   <subfield code="a">(DE-627)1390797376</subfield>
  </datafield>
  <datafield tag="035" ind1=" " ind2=" ">
   <subfield code="a">(DE-576)320797376</subfield>
  </datafield>
  <datafield tag="035" ind1=" " ind2=" ">
   <subfield code="a">(DE-599)BSZ320797376</subfield>
  </datafield>
  <datafield tag="035" ind1=" " ind2=" ">
   <subfield code="a">(OCoLC)699870205</subfield>
  </datafield>
  <datafield tag="035" ind1=" " ind2=" ">
   <subfield code="a">(OCoLC)699870205</subfield>
  </datafield>
  <datafield tag="040" ind1=" " ind2=" ">
   <subfield code="a">DE-627</subfield>
   <subfield code="b">ger</subfield>
   <subfield code="c">DE-627</subfield>
   <subfield code="e">rakwb</subfield>
  </datafield>
  <datafield tag="041" ind1=" " ind2=" ">
   <subfield code="a">ger</subfield>
  </datafield>
  <datafield tag="044" ind1=" " ind2=" ">
   <subfield code="c">XA-DE-BY</subfield>
  </datafield>
  <datafield tag="084" ind1=" " ind2=" ">
   <subfield code="a">9,10</subfield>
   <subfield code="2">ssgn</subfield>
  </datafield>
  <datafield tag="084" ind1=" " ind2=" ">
   <subfield code="a">LH 36520</subfield>
   <subfield code="2">rvk</subfield>
   <subfield code="0">(DE-625)rvk/93215:</subfield>
  </datafield>
  <datafield tag="245" ind1="1" ind2="0">
   <subfield code="a">Renaissance - Barock - Aufklärung</subfield>
   <subfield code="b">Kunst und Kultur vom 16. bis zum 18. Jahrhundert</subfield>
   <subfield code="c">hrsg. von Daniel Hess ... [Autoren Frank P. Bär ...]</subfield>
  </datafield>
  <datafield tag="264" ind1=" " ind2="1">
   <subfield code="a">Nürnberg</subfield>
   <subfield code="b">Verl. des Germanischen Nationalmuseums</subfield>
   <subfield code="c">2010</subfield>
  </datafield>
  <datafield tag="300" ind1=" " ind2=" ">
   <subfield code="a">563 S.</subfield>
   <subfield code="b">zahlr. Ill.</subfield>
  </datafield>
  <datafield tag="336" ind1=" " ind2=" ">
   <subfield code="a">Text</subfield>
   <subfield code="b">txt</subfield>
   <subfield code="2">rdacontent</subfield>
  </datafield>
  <datafield tag="336" ind1=" " ind2=" ">
   <subfield code="a">unbewegtes Bild</subfield>
   <subfield code="b">sti</subfield>
   <subfield code="2">rdacontent</subfield>
  </datafield>
  <datafield tag="337" ind1=" " ind2=" ">
   <subfield code="a">ohne Hilfsmittel zu benutzen</subfield>
   <subfield code="b">n</subfield>
   <subfield code="2">rdamedia</subfield>
  </datafield>
  <datafield tag="338" ind1=" " ind2=" ">
   <subfield code="a">Band</subfield>
   <subfield code="b">nc</subfield>
   <subfield code="2">rdacarrier</subfield>
  </datafield>
  <datafield tag="490" ind1="1" ind2=" ">
   <subfield code="a">Die Schausammlungen des Germanischen Nationalmuseums / Hrsg.: Germanisches Nationalmuseum, Nürnberg</subfield>
   <subfield code="v">Bd. 3</subfield>
  </datafield>
  <datafield tag="500" ind1=" " ind2=" ">
   <subfield code="a">Literaturverz. S. 485 - 535</subfield>
  </datafield>
  <datafield tag="583" ind1="1" ind2=" ">
   <subfield code="a">Archivierung/Langzeitarchivierung gewährleistet</subfield>
   <subfield code="f">SSG</subfield>
   <subfield code="x">XA-DE-BW</subfield>
   <subfield code="2">pdager</subfield>
   <subfield code="5">DE-16</subfield>
  </datafield>
  <datafield tag="655" ind1=" " ind2="7">
   <subfield code="a">Aufsatzsammlung</subfield>
   <subfield code="0">(DE-588)4143413-4</subfield>
   <subfield code="0">(DE-627)105605727</subfield>
   <subfield code="0">(DE-576)209726091</subfield>
   <subfield code="2">gnd-content</subfield>
  </datafield>
  <datafield tag="655" ind1=" " ind2="7">
   <subfield code="a">Ausstellungskatalog</subfield>
   <subfield code="0">(DE-588)4135467-9</subfield>
   <subfield code="0">(DE-627)10566491X</subfield>
   <subfield code="0">(DE-576)209660988</subfield>
   <subfield code="2">gnd-content</subfield>
  </datafield>
  <datafield tag="689" ind1="0" ind2="0">
   <subfield code="d">s</subfield>
   <subfield code="0">(DE-588)4114333-4</subfield>
   <subfield code="0">(DE-627)105822957</subfield>
   <subfield code="0">(DE-576)209483733</subfield>
   <subfield code="a">Kunst</subfield>
   <subfield code="2">gnd</subfield>
  </datafield>
  <datafield tag="689" ind1="0" ind2="1">
   <subfield code="d">s</subfield>
   <subfield code="0">(DE-588)4125698-0</subfield>
   <subfield code="0">(DE-627)104470348</subfield>
   <subfield code="0">(DE-576)209578750</subfield>
   <subfield code="a">Kultur</subfield>
   <subfield code="2">gnd</subfield>
  </datafield>
  <datafield tag="689" ind1="0" ind2="2">
   <subfield code="a">z</subfield>
   <subfield code="2">gnd</subfield>
   <subfield code="a">Geschichte 1500-1800</subfield>
  </datafield>
  <datafield tag="689" ind1="0" ind2=" ">
   <subfield code="5">(DE-627)</subfield>
  </datafield>
  <datafield tag="689" ind1="1" ind2="0">
   <subfield code="d">b</subfield>
   <subfield code="0">(DE-588)36441-1</subfield>
   <subfield code="0">(DE-627)100837735</subfield>
   <subfield code="0">(DE-576)190346388</subfield>
   <subfield code="a">Germanisches Nationalmuseum</subfield>
   <subfield code="2">gnd</subfield>
  </datafield>
  <datafield tag="689" ind1="1" ind2="1">
   <subfield code="d">s</subfield>
   <subfield code="0">(DE-588)4163417-2</subfield>
   <subfield code="0">(DE-627)105454966</subfield>
   <subfield code="0">(DE-576)209880899</subfield>
   <subfield code="a">Katalog</subfield>
   <subfield code="2">gnd</subfield>
  </datafield>
  <datafield tag="689" ind1="1" ind2=" ">
   <subfield code="5">(DE-627)</subfield>
  </datafield>
  <datafield tag="700" ind1="1" ind2=" ">
   <subfield code="a">Hess, Daniel</subfield>
   <subfield code="d">1963-</subfield>
   <subfield code="e">Hrsg.</subfield>
   <subfield code="0">(DE-588)143010719</subfield>
   <subfield code="0">(DE-627)641431538</subfield>
   <subfield code="0">(DE-576)33459605X</subfield>
   <subfield code="4">edt</subfield>
  </datafield>
  <datafield tag="700" ind1="1" ind2=" ">
   <subfield code="a">Bär, Frank P.</subfield>
   <subfield code="d">1961-</subfield>
   <subfield code="e">Mitarb.</subfield>
   <subfield code="0">(DE-588)113793537</subfield>
   <subfield code="0">(DE-627)50463304X</subfield>
   <subfield code="0">(DE-576)172847362</subfield>
   <subfield code="4">oth</subfield>
  </datafield>
  <datafield tag="710" ind1="2" ind2=" ">
   <subfield code="a">Germanisches Nationalmuseum</subfield>
   <subfield code="0">(DE-588)36441-1</subfield>
   <subfield code="0">(DE-627)100837735</subfield>
   <subfield code="0">(DE-576)190346388</subfield>
   <subfield code="4">oth</subfield>
  </datafield>
  <datafield tag="776" ind1="0" ind2="8">
   <subfield code="i">Online-Ausg.</subfield>
   <subfield code="a">Germanisches Nationalmuseum</subfield>
   <subfield code="t">Die Schausammlungen des Germanischen Nationalmuseums ; Bd. 3: Renaissance - Barock - Aufklärung</subfield>
   <subfield code="d">Nürnberg : Verlag des Germanischen Nationalmuseums, 2010</subfield>
   <subfield code="h">1 Online-Ressource (563 Seiten)</subfield>
   <subfield code="w">(DE-627)1562901737</subfield>
   <subfield code="w">(DE-576)492901732</subfield>
   <subfield code="z">9783946653738</subfield>
  </datafield>
  <datafield tag="787" ind1="0" ind2="8">
   <subfield code="i">Rezensiert in</subfield>
   <subfield code="a">Kranz, Annette, 1968 - </subfield>
   <subfield code="t">[Rezension von: Daniel Hess (Hrsg.), Renaissance - Barock - Aufklärung. Kunst und Kultur vom 16. bis zum 18. Jahrhundert]</subfield>
   <subfield code="d">2010</subfield>
   <subfield code="w">(DE-627)1853177873</subfield>
  </datafield>
  <datafield tag="810" ind1="2" ind2=" ">
   <subfield code="a">Germanisches Nationalmuseum</subfield>
   <subfield code="t">Die Schausammlungen des Germanischen Nationalmuseums</subfield>
   <subfield code="v">3</subfield>
   <subfield code="9">3</subfield>
   <subfield code="w">(DE-627)1172276323</subfield>
   <subfield code="w">(DE-576)102276323</subfield>
   <subfield code="7">nm</subfield>
  </datafield>
  <datafield tag="856" ind1="4" ind2="2">
   <subfield code="u">https://swbplus.bsz-bw.de/bsz320797376rez.htm</subfield>
   <subfield code="m">B:DE-576;DE-16</subfield>
   <subfield code="q">application/pdf</subfield>
   <subfield code="v">20101129104019</subfield>
   <subfield code="x">Verlag</subfield>
   <subfield code="3">Rezension</subfield>
  </datafield>
  <datafield tag="856" ind1="4" ind2="2">
   <subfield code="u">http://ifb.bsz-bw.de/bsz320797376rez-1.pdf</subfield>
   <subfield code="m">B:DE-576;ifb</subfield>
   <subfield code="q">application/pdf</subfield>
   <subfield code="v">20111211164941</subfield>
   <subfield code="x">Verlag</subfield>
   <subfield code="3">Rezension</subfield>
  </datafield>
  <datafield tag="936" ind1="r" ind2="v">
   <subfield code="a">LH 36520</subfield>
   <subfield code="b">Nürnberg</subfield>
   <subfield code="k">Kunstgeschichte</subfield>
   <subfield code="k">Allgemeines. Allgemeine Kunstgeschichte</subfield>
   <subfield code="k">Museumskunde. Museumskataloge</subfield>
   <subfield code="k">Kataloge einzelner Museen; Schrifttum über einzelne Museen</subfield>
   <subfield code="k">Orte N</subfield>
   <subfield code="k">Nürnberg</subfield>
   <subfield code="0">(DE-627)1270641158</subfield>
   <subfield code="0">(DE-625)rvk/93215:</subfield>
   <subfield code="0">(DE-576)200641158</subfield>
  </datafield>
  <datafield tag="951" ind1=" " ind2=" ">
   <subfield code="a">MV</subfield>
  </datafield>
  <datafield tag="990" ind1=" " ind2=" ">
   <subfield code="a">Kunst</subfield>
  </datafield>
  <datafield tag="990" ind1=" " ind2=" ">
   <subfield code="a">Kultur</subfield>
  </datafield>
  <datafield tag="990" ind1=" " ind2=" ">
   <subfield code="a">Geschichte 1500-1800</subfield>
  </datafield>
  <datafield tag="990" ind1=" " ind2=" ">
   <subfield code="a">Germanisches Nationalmuseum</subfield>
  </datafield>
  <datafield tag="990" ind1=" " ind2=" ">
   <subfield code="a">Katalog</subfield>
  </datafield>
  <datafield tag="991" ind1=" " ind2=" ">
   <subfield code="a">Rezensiertes Werk</subfield>
  </datafield>
  <datafield tag="999" ind1=" " ind2=" ">
   <subfield code="a">KXP-PPN1390797376</subfield>
   <subfield code="e">4399181249</subfield>
  </datafield>
 </record>
</collection>
